000 00995nas a2200289 4500
001 BR8705981
003 BR-BrBNA
005 20231205090827.0
007 ta
008 230509b bl.|||p| |||| 00| 00por d
040 _aBR-BrBNA
_bpor
_cBiblioteca Nacional de Agricultura
041 _a(Pt)
072 _aF08
100 1 _aBeltrao, N.E. de M.
100 1 _aSantana, J.C.F. de
100 1 _aCrisostomo, J.R.
100 1 _aAraujo, J.P.P. de
100 1 _aSousa, R.P. de
245 1 _aAvaliacao de cultivares de caupi para o consorcio com algodoeiro herbaceo [Vigna unguiculata, Gossypium hirsutum]
246 1 _aEvaluation of cowpea cultivars under intercropping system with annual cotton
650 _aFEIJAO DE CORDA
650 _aALGODAO HERBACEO
650 _aCONSORCIACAO DE CULTURA
773 0 _tPesquisa Agropecuaria Brasileira (Brazil)
_xISSN 0100-204X
_g(Nov 1986), v. 21(11) p. 1147-1153
_wBR8705981
909 _a202311
_bLúcia
_c55
_dLúcia Elande
942 _2AGRIS
_n0
_cANA
999 _c121100
_d121100